000
00511nam a2200133Ia 4500
008
100328s9999 xx 000 0 und d
082
_b
72319
100
_a
मांडे अरुण-अनु.(मूळ लेखक-सुभाष आर्य)
245
_a
संगोपन बाळ गोपाळांचे
260
_b
रोहन.
630
_a
संगोपन बाळ गोपाळांचे
730
_a
संगोपन बाळ गोपाळांचे
942
_c
BOOK
999
_c
558041
_d
558038